Κατάλογος Βιβλιοθηκών Mediterranean College

Συνεκπαίδευση και Αναπηρία / Θεωρητική και Εμπειρική Κοινωνιοψυχολογική Προσέγγιση (Record no. 8286)

MARC details
000 -LEADER
fixed length control field 02046cam a22001934a 4500
005 - ΗΜΕΡΟΜΗΝΙΑ ΚΑΙ ΩΡΑ ΤΕΛΕΥΤΑΙΑΣ ΕΝΗΜΕΡΩΣΗΣ
Πεδίο ελέγχου 20250605164332.0
008 - FIXED-LENGTH DATA ELEMENTS--GENERAL INFORMATION
Πεδίο ελέγχου σταθερού μήκους 250528s ||||||||||||||||||||||||d
035 ## - SYSTEM CONTROL NUMBER
System control number 23257
020 ## - ISBN
ISBN 9789607182357
040 ## - ΠΗΓΗ ΚΑΤΑΛΟΓΟΓΡΑΦΗΣΗΣ
Φορέας πρωτότυπης καταλογογράφησης MC Athens Campus Library
Γλώσσα καταλογογράφησης Ελληνικά, Μοντέρνα (1453-)
Modifying agency MC Athens Campus Library
Κανόνες περιγραφικής καταλογογράφησης AACR2
245 1# - ΤΙΤΛΟΣ ΚΑΙ ΔΗΛΩΣΗ ΥΠΕΥΘΥΝΟΤΗΤΑΣ
Τίτλος Συνεκπαίδευση και Αναπηρία / Θεωρητική και Εμπειρική Κοινωνιοψυχολογική Προσέγγιση
260 ## - PUBLICATION, DISTRIBUTION, ETC.
Name of publisher, distributor, etc. Παπασωτηρίου,
Date of publication, distribution, etc. 2009
300 ## - PHYSICAL DESCRIPTION
Extent 492
520 ## - SUMMARY, ETC.
Summary, etc. Το βιβλίο αυτό έχει ως αφετηρία του μια εκτενή έρευνα σχετικά με τις κοινωνικές αναπαραστάσεις των ομάδων που εμπλέκονται στην εκπαιδευτική διαδικασία - γονείς, μαθητές και μαθήτριες, εκπαιδευτικοί, για τη συνεκπαίδευση ατόμων με αναπηρία. Πρόλογος, Συνεκπαίδευση και Αναπηρία, Κοινωνικοψυχολογική Προσέγγιση της Συνεκπαίδευσης, Η Κοινωνική Αναπαράσταση της Συνεκπαίδευσης των Παιδιών με Αναπηρία και Ειδικές Εκπαιδευτικές Ανάγκες, Πλαίσια Μοντέλου Συνεκπαίδευσης και Αναπαραστατικά Πεδία, Σχολικό Πλαίσιο και Εφαρμογή Μοντέλου Συνεκπαίδευσης, Οικογενειακό Περιβάλλον και Κοινότητα, Ευρύτερο Κοινωνικό Περιβάλλον, Εκπαιδευτική Πολιτική της Συνεκπαίδευσης, Η Κοινωνική Αναπαράσταση της Συνεκπαίδευσης σε Συνεχή Διαμόρφωση, Συνεντεύξεις, Βιβλιογραφικές Αναφορές.
700 1# - ΠΡΟΣΘΕΤΗ ΑΝΑΓΡΑΦΗ--ΦΥΣΙΚΟ ΠΡΟΣΩΠΟ
Personal name Μιχαηλίδης Κωνσταντίνος Θ
9 (RLIN) 8843
942 ## - ADDED ENTRY ELEMENTS (KOHA)
Koha item type Books
Holdings
Τύπος τεκμηρίου Βιβλιοθήκη Τρέχουσα τοποθεσία Barcode Αριθμός εισαγωγής Ημερομηνία απόκτησης Ταξιθετικό σύμβολο Αριθμός αντιτύπου Κατάσταση απόσυρσης Κατάσταση χαμένου Κατάσταση κατεστραμμένου Μη δανεισμός Σύνολο δανεισμών Ημερομηνία τελευταίας εμφάνισης Η τιμή ισχύει από
Books MC Athens Campus Library MC Athens Campus Library 9780000082855 7630 05/06/2025 371.9046 MIH 1           05/06/2025 05/06/2025

MC Athens Campus Library
Πατησίων 94 & Κοδριγκτώνος 13, 104 34
Πελλήνης 8 & Πατησίων 107, 112 51
Τ: +30 210 8899600

MC Thessaloniki Campus Library
Ίωνος Δραγούμη 21, 54625 | Ίωνος Δραγούμη 15, 54625
Τ: +30 2310 287779 – Τ: +30 2314 440300